00783nam a22002177a 4500001000500000005001700005020001800022040003600040082001200076100001600088245005300104260003100157300002200188505000700210520025500217521002600472521001700498650000800515650001000523700003200533205020231103114254.0 a9781447299554 aFISKHbengcFISKHdFISKHeFISKH 2823.914 aDale, Jenny aTilly the tidy puppy /cJenny Dale's PUPPY TALES aLondon :bMacmillan,c2015 a60 pages :c20 cm aM  aEach title in this series focuses on a different puppy. Tilly loves to tidy things up - after all, he mother is a sheepdog and trained to tidy up strays Not everyone appreciates Tilly's talents - until her skills suddenly prove unexpectedly useful... a600 bLexile estimate aM bRaz-Plus 2dog 2puppy aRodgers, FrankcIllustrator